| 000 | 00524nam a22001817a 4500 | ||
|---|---|---|---|
| 005 | 20251126174612.0 | ||
| 008 | 251117b |||||||| |||| 00| 0 eng d | ||
| 020 | _a978-93-88022-47-7 | ||
| 041 | _aeng | ||
| 082 | _a615.4 UDD-T | ||
| 100 |
_aUDDIN, REHAN AND RAJAWAT, DR. JETINDRA SINGH AND VEJENDRA , DR. RAVI KUMAR _98740 |
||
| 245 | _aA TEXTBOOK OF PHARMACEUTICAL ENGINEERING | ||
| 250 | _a2025 | ||
| 260 |
_aNEW DELHI _bINNOVATIVE PUBLICATION PVT LTD . _c2025 |
||
| 300 | _a133;P | ||
| 650 | _aPHARMACY | ||
| 942 | _cBK | ||
| 999 |
_c8912 _d8910 |
||